Implementation of Integrated Water Resources Management in Zambia (Record no. 76426)

MARC details
000 -LEADER
fixed length control field 00846nam a2200169 a 4500
008 - FIXED-LENGTH DATA ELEMENTS--GENERAL INFORMATION
fixed length control field 150806s9999 xx |||||||||||||| || u
050 ## - LIBRARY OF CONGRESS CALL NUMBER
Classification number GOV.ZAM(02)2015/1
110 ## - MAIN ENTRY--CORPORATE NAME
Corporate name or jurisdiction name as entry element The Government of the Republic of Zambia
245 10 - TITLE STATEMENT
Title Implementation of Integrated Water Resources Management in Zambia
Statement of responsibility, etc. Government of the Republic of Zambia (GRZ)
260 ## - PUBLICATION, DISTRIBUTION, ETC.
Place of publication, distribution, etc.
Name of publisher, distributor, etc. Government of the Republic of Zambia
Date of publication, distribution, etc.
300 ## - PHYSICAL DESCRIPTION
Extent 2015
650 ## - SUBJECT ADDED ENTRY--TOPICAL TERM
Topical term or geographic name entry element WATER RESOURCE DEVELOPMENT--DEVELOPING COUNTRIES
650 ## - SUBJECT ADDED ENTRY--TOPICAL TERM
Topical term or geographic name entry element MANAGEMENT OF WATER--ZAMBIA
650 ## - SUBJECT ADDED ENTRY--TOPICAL TERM
Topical term or geographic name entry element WATER RESOURCES DEVELOPMENT POLICY--ZAMBIA
995 ## -
-- SPECIAL COLLECTIONS
-- 1940
-- CBU-MAIN LIBRARY (Kitwe)
-- GRZ(02)2015/1A
-- 1
-- DAMAGED
-- Aug 6, 2015
-- B1940
-- Zambiana Collection
995 ## -
-- SPECIAL COLLECTIONS
-- 1941
-- CBU-MAIN LIBRARY (Kitwe)
-- GRZ(02)2015/1B
-- 2
-- DAMAGED
-- Aug 6, 2015
-- B1941
-- Zambiana Collection
999 ## -
-- 76426
-- 76426
Holdings
Withdrawn status Lost status Source of classification or shelving scheme Damaged status Not for loan Permanent Location Current Location Shelving location Date acquired Total Checkouts Full call number Barcode Date last seen Copy number Price effective from Koha item type
          CBU-MAIN LIBRARY, KITWE. CBU-MAIN LIBRARY, KITWE.   04/25/2023   GOV.ZAM(02)2015/1A B1940 04/25/2023 1 04/25/2023 SPECIAL COLLECTION
          CBU-MAIN LIBRARY, KITWE. CBU-MAIN LIBRARY, KITWE.   04/25/2023   GOV.ZAM(02)2015/1B B1941 04/25/2023 2 04/25/2023 SPECIAL COLLECTION